000 00889nam a2200253 i 4500
001 bg
245 0 0 _aBudownictwo o zoptymalizowanym potencjale energetycznym :
_bpraca zbiorowa /
_cpod red. Tadeusza Bobki ; Politechnika Częstochowska. Katedra Budownictwa Ogólnego i Fizyki Budowli.
260 _aCzęstochowa :
_bWydaw. PC,
_c2004.
300 _a443 s. :
_bfot., rys., wykr. ;
_c24 cm.
500 _aTekst częśc. ang., niem., ros., słowac.
504 _aBibliogr. przy art.
650 9 _aBudownictwo ekologiczne
650 9 _aBudownictwo
_xenergetyka
650 9 _aOptymalizacja
_xstosowanie
_xbudownictwo
700 1 _aBOBKO, Tadeusz.
_eRed.
015 _aPB 8119/2005
020 _a8371932693
040 _cBPK
041 0 _apolenggerrusslo
080 _a697:620.9:504.03:519.863
920 _a83-7193-269-3
942 _cKS
008 s pl f |000 0 pol
999 _c46891
_d46891
856 _uhttp://koha.tu.koszalin.pl/cgi-bin/koha/opac-detail.pl?biblionumber=46891
_yKatalog online BPK